书目信息 |
| 题名: |
中国经济社会的困惑
|
|
| 作者: | 周逸 著 | |
| 分册: | ||
| 出版信息: | 广州 广东经济出版社 1999 |
|
| 页数: | 428页 | |
| 开本: | 21cm | |
| 丛书名: | ||
| 单 册: | ||
| 中图分类: | D668 | |
| 科图分类: | ||
| 主题词: | 社会分析--she hui fen xi--中国--现代 | |
| 电子资源: | ||
| ISBN: | 7-80632-223-X | |
| 000 | 00764nam0 2200229 450 | |
| 001 | 012008693734 | |
| 005 | 20080825102439.56 | |
| 010 | @a7-80632-223-X@dCNY23.00 | |
| 100 | @a20080423d1999 km y0chiy0120 ea | |
| 101 | 0 | @achi |
| 102 | @aCN@b440000 | |
| 105 | @ay z 000yy | |
| 200 | 1 | @a中国经济社会的困惑@Azhong guo jing ji she hui de kun huo@e二次软着陆前夜@f周逸著 |
| 210 | @a广州@c广东经济出版社@d1999 | |
| 215 | @a428页@d21cm | |
| 330 | @a本书主内容包括:外部效应与内部冲突,文明社会与社会文明,中国可持续发展的社会学视解,结构创新与阵痛等。 | |
| 517 | 1 | @a二次软着陆前夜@Aer ci ruan zhuo lu qian ye |
| 606 | 0 | @a社会分析@Ashe hui fen xi@y中国@z现代 |
| 690 | @aD668@v4 | |
| 701 | 0 | @a周逸@Azhou yi@4著 |
| 801 | 0 | @aCN@c20080825 |
| 905 | @dD668@eZ813 | |
| 中国经济社会的困惑:二次软着陆前夜/周逸著.-广州:广东经济出版社,1999 |
| 428页;21cm |
| ISBN 7-80632-223-X:CNY23.00 |
| 本书主内容包括:外部效应与内部冲突,文明社会与社会文明,中国可持续发展的社会学视解,结构创新与阵痛等。 |
| ● |
| 相关链接 |
|
|
|
正题名:中国经济社会的困惑
索取号:D668/Z813
 
预约/预借
| 序号 | 登录号 | 条形码 | 馆藏地/架位号 | 状态 | 备注 |
| 1 | 714005 | 207140057 | 社科库509/509社科库 75排8列4层/ [索取号:D668/Z813] | 在馆 | |
| 2 | 714006 | 207140066 | 社科库509/509社科库 75排8列4层/ [索取号:D668/Z813] | 在馆 | |
| 3 | 714007 | 207140075 | 社科库509/509社科库 75排8列4层/ [索取号:D668/Z813] | 在馆 |